00168 a2200073 450000100060000010000190000624500430002526000260006825498 aStanfield, F M aHydrostatic bearings for machine tools abMachinery Puub Coc